Analýza kapitálové struktury českých firem

Vývoj kapitálovej štruktúry firiem v r. 1990-1993. Skúmanie kapitálovej štruktúry sa spája s veľkosťou zadlženia (miera zadlženia). Analýza miery zadlženia: obrat majetku, ziskovosť, rast, veľkosť, nestálosť. Súčasná kapitálová štruktúra privatizovaných podnikov: vlastný kapitál, emisia akcií (výpla...

Descripción completa

Guardado en:
Detalles Bibliográficos
Autor principal: Krauseová, Jaruše
Formato: Capítulo de libro
Lenguaje:checo
Materias:
Etiquetas: Agregar Etiqueta
Sin Etiquetas, Sea el primero en etiquetar este registro!

MARC

LEADER 00000naa a2200000 4500
001 r018458
005 20221208130842.7
041 0 |a cze 
044 |a CZ 
245 1 0 |a Analýza kapitálové struktury českých firem  |c J. Krauseová 
520 |a Vývoj kapitálovej štruktúry firiem v r. 1990-1993. Skúmanie kapitálovej štruktúry sa spája s veľkosťou zadlženia (miera zadlženia). Analýza miery zadlženia: obrat majetku, ziskovosť, rast, veľkosť, nestálosť. Súčasná kapitálová štruktúra privatizovaných podnikov: vlastný kapitál, emisia akcií (výplata dividend), emisia dlhopisov, úvery. 
610 2 0 |a štruktúra podniku finančná 
610 2 0 |a kapitál 
610 2 0 |a firmy 
610 2 0 |a Česko 
610 2 0 |a zadlženosť 
610 2 0 |a pasíva 
610 2 0 |a kapitál vlastný 
610 2 0 |a kapitál cudzí 
610 2 0 |a dividendy 
610 2 0 |a akcie 
610 2 0 |a obligácie 
100 1 |a Krauseová, Jaruše